|
|
|
|
| LEADER |
01146nam a2200241 a 4500 |
| 001 |
GR-MES14898 |
| 008 |
090310s2006 gr 000 1 gre|c |
| 020 |
|
|
|a 9604104489
|
| 020 |
|
|
|z 9604104482
|
| 040 |
|
|
|a GrPaTEI
|b gre
|c GR-PaULI
|
| 084 |
|
|
|a Ξ
|
| 100 |
1 |
|
|a Naslund, Sena Jeter.
|
| 240 |
1 |
0 |
|a Abundance : a novel of Marie Antoinette.
|l Ελληνικά
|
| 245 |
1 |
0 |
|a Γυμνή όπως γεννήθηκα :
|b η ζωή της Μαρίας Αντουανέτας /
|c Σένα Τζέτερ Νάσλουντ ; μετάφραση Γιάννης Σπανδωνής.
|
| 260 |
|
|
|a Αθήνα :
|b Ωκεανίδα,
|c c2006.
|
| 300 |
|
|
|a 518 σ. ;
|c 21 εκ.
|
| 500 |
|
|
|a Μετάφραση του: Abundance : a novel of Marie Antoinette.
|
| 650 |
|
4 |
|a Ξένη λογοτεχνία
|
| 700 |
1 |
|
|a Σπανδωνής, Γιάννης,
|d 1947-
|e μεταφραστής.
|
| 942 |
|
|
|2 ddc
|
| 952 |
|
|
|0 0
|1 0
|2 ddc
|4 0
|6 Ξ_NAS
|7 0
|9 272772
|a MSLG
|b MSLG
|c BSC
|d 2021-01-17
|e 24
|f 0
|g 0.00
|l 0
|o Ξ NAS
|p 2420000023442
|r 2021-01-17 00:00:00
|t 1
|w 2021-01-17
|y BK15
|x 20090310 0 ΤΣΑΝΤΑΡΛΙΩΤΗ 1
|x GrPaTEI
|
| 971 |
|
|
|a .b25809477
|b 15-04-20
|c 13-09-16
|
| 999 |
|
|
|c 157817
|d 157817
|